000 00506pab a2200181 454500
008 180718b2003 xxu||||| |||| 00| 0 eng d
100 _aVerma, Shaily
245 _aChallenges for agricultural exports of India in the globalization era: a note
260 _c2003
300 _ap.245-53.
362 _aJul
650 _aGlobalization - India
650 _aExports/Imports - India
650 _aAgriculture - India
650 _aAgriculture
773 _aIndian Journal of Economics
909 _a58976
999 _c58976
_d58976